| 000 | 00671nam a2200241 4500 | ||
|---|---|---|---|
| 001 | 6031 | ||
| 010 | _a9728834004 | ||
| 021 | _b198696/03 | ||
| 090 | _a6031 | ||
| 100 | _a20250930d2004 c y0pory5003 ba | ||
| 200 | 1 |
_aO meu dia de anos _fSara Oliveira _gil. Cristina Malaquias |
|
| 210 | 9 |
_aLisboa _cMercado de Letras _d2004 |
|
| 215 |
_a60 p. _cil. |
||
| 606 |
_914 _aLiteratura infantil |
||
| 606 |
_915 _aLiteratura Portuguesa |
||
| 675 |
_a82-93 _vBN _zpor |
||
| 675 |
_a821.134.3 _vBN _zpor |
||
| 675 |
_a793.7 _vBN _zpor |
||
| 700 |
_aOliveira _bSara _95721 |
||
| 702 |
_aMalaquias _bCristina _9780 |
||
| 801 |
_aPT _bBEN2VN _gRPC |
||
| 830 |
_cTânia Croca _d30/09/2025 |
||
| 990 | _cLIVROS | ||